[Event "Hillerod op"]
[Site "Hillerod"]
[Date "2014.??.??"]
[Round "7"]
[White "Schuetze, Hasso"]
[Black "Nygaard, Soren"]
[Result "1-0"]
[WhiteElo "2077"]
[BlackElo "1703"]
[PlyCount "75"]
[EventDate "2014.08.26"]
[EventType "swiss"]
[EventRounds "7"]
[EventCountry "DEN"]
[SourceTitle "EXT 2024"]
[Source "ChessBase"]
[SourceDate "2023.10.10"]
[SourceVersion "1"]
[SourceVersionDate "2023.10.10"]
[SourceQuality "1"]

1. Nf3 c5 2. c4 Nc6 3. e3 Nf6 4. d4 cxd4 5. exd4 d6 6. Nc3 Bg4 7. Be2 g6 8. Be3 Bg7 9. h3 Bd7 10. Qd2 0-0 11. d5 Nb4 12. 0-0 a5 13. Rfd1 Na6 14. Nd4 Nc5 15. Rab1 Rc8 16. b3 Rb8 17. Bf3 Qc8 18. a3 Rd8 19. b4 axb4 20. axb4 Na6 21. Rdc1 Bf5 22. Nxf5 Qxf5 23. Nb5 Ne4 24. Qe2 Nf6 25. Ba7 Qd7 26. Bxb8 Rxb8 27. Re1 Re8 28. Qe3 Nc7 29. Nxc7 Qxc7 30. c5 Nd7 31. c6 Ne5 32. b5 bxc6 33. dxc6 Nc4 34. b6 Qc8 35. Qe2 Ne5 36. c7 e6 37. Rec1 d5 38. b7 1-0

[Event "Hillerod op"]
[Site "Hillerod"]
[Date "2014.??.??"]
[Round "2"]
[White "Sorensen, Bernhard"]
[Black "Schuetze, Hasso"]
[Result "0-1"]
[WhiteElo "1667"]
[BlackElo "2077"]
[PlyCount "100"]
[EventDate "2014.08.26"]
[EventType "swiss"]
[EventRounds "7"]
[EventCountry "DEN"]
[SourceTitle "EXT 2024"]
[Source "ChessBase"]
[SourceDate "2023.10.10"]
[SourceVersion "1"]
[SourceVersionDate "2023.10.10"]
[SourceQuality "1"]

1. e4 c5 2. Nf3 a6 3. d4 cxd4 4. Nxd4 e5 5. Nb3 Nf6 6. Bg5 Be7 7. Nc3 0-0 8. Qd2 b5 9. f3 Nc6 10. 0-0-0 b4 11. Na4 Nxe4 12. Bxe7 Nxd2 13. Bxd8 Nxb3+ 14. axb3 Rxd8 15. Bc4 Rb8 16. Rd6 Kf8 17. Rhd1 Ke7 18. Nc5 f6 19. Kb1 Nd4 20. Rd5 Rb6 21. c3 Nf5 22. Re1 d6 23. Na4 Rb8 24. cxb4 Rxb4 25. Ra5 Bb7 26. Ka2 Nd4 27. Nc3 Rc8 28. Nd5+ Bxd5 29. Rxd5 Nc2 30. Re2 Rbxc4 31. bxc4 Nb4+ 32. Kb3 Nxd5 33. cxd5 Rc5 34. Rd2 a5 35. Ka4 f5 36. b4 axb4 37. Kxb4 Kf6 38. g3 g5 39. g4 fxg4 40. fxg4 e4 41. Rf2+ Ke5 42. Rf5+ Kd4 43. Rxg5 e3 44. Rg7 Rxd5 45. Rxh7 e2 46. Re7 Re5 47. Rxe5 dxe5 48. g5 e1Q+ 49. Kb5 Qb1+ 50. Kc6 Qc1+ 0-1

[Event "EU-chT Seniors 15th"]
[Site "Dresden"]
[Date "2013.07.26"]
[Round "7"]
[White "Sollid, Stein"]
[Black "Schuetze, Hasso"]
[Result "1/2-1/2"]
[WhiteElo "2019"]
[BlackElo "2070"]
[PlyCount "57"]
[EventDate "2013.07.20"]
[EventType "team-swiss"]
[EventRounds "9"]
[EventCountry "GER"]
[SourceTitle "CBM 155 Extra"]
[Source "ChessBase"]
[SourceDate "2013.08.26"]
[SourceVersion "1"]
[SourceVersionDate "2013.08.26"]
[SourceQuality "1"]
[WhiteTeam "Norway II"]
[BlackTeam "Denmark II"]
[WhiteTeamCountry "NOR"]
[BlackTeamCountry "DEN"]

1. e4 c5 2. Nf3 Nc6 3. d4 cxd4 4. Nxd4 Nf6 5. Nc3 d6 6. Be2 e5 7. Nb3 Be6 8. 0-0 Be7 9. Be3 0-0 10. Qd2 Ng4 11. Bxg4 Bxg4 12. Nd5 Re8 13. Rac1 Bf8 14. c4 b6 15. Rc3 Bh5 16. Nc1 Bg6 17. f3 Rb8 18. Ne2 Qd7 19. Rd1 Kh8 20. Ng3 Rec8 21. Bf2 f6 22. b3 Rb7 23. Rd3 Bf7 24. Nf5 Be6 25. Nde3 Qc7 26. Nd5 Qf7 27. Nde3 Qc7 28. Nd5 Qf7 29. Nde3 1/2-1/2

[Event "EU-chT Seniors 12th"]
[Site "Dresden"]
[Date "2010.02.10"]
[Round "1"]
[White "Schuetze, Hasso"]
[Black "Weber, Bernd"]
[Result "1/2-1/2"]
[WhiteElo "2086"]
[BlackElo "2139"]
[PlyCount "63"]
[EventDate "2010.02.10"]
[EventType "team-swiss"]
[EventRounds "9"]
[EventCountry "GER"]
[SourceTitle "CBM 134 Extra"]
[Source "ChessBase"]
[SourceDate "2010.03.03"]
[SourceVersion "1"]
[SourceVersionDate "2010.03.03"]
[SourceQuality "1"]
[WhiteTeam "Denmark (Seniors) II"]
[BlackTeam "Leipzig (Seniors)"]
[WhiteTeamCountry "DEN"]
[BlackTeamCountry "GER"]

1. Nf3 Nf6 2. c4 c6 3. b3 d5 4. Bb2 Bf5 5. g3 e6 6. Bg2 Be7 7. 0-0 Nbd7 8. Nc3 0-0 9. d3 h6 10. Qc2 Bh7 11. Rfd1 e5 12. e4 d4 13. Ne2 c5 14. a3 Bd6 15. Bc1 Qe7 16. Bd2 a5 17. Rdb1 Ne8 18. Nh4 Qe6 19. h3 Be7 20. Nf5 Bxf5 21. exf5 Qxf5 22. g4 Qg6 23. Bxb7 Ra7 24. Be4 f5 25. Bd5+ Kh8 26. Ng3 fxg4 27. hxg4 Qxg4 28. Qd1 Qxd1+ 29. Rxd1 Nd6 30. b4 Bg5 31. Bxg5 hxg5 32. b5 1/2-1/2